Informazione e pubbliche amministrazioni dall’accesso ai documenti alla disponibilit ̉delle informazioni

Detalles Bibliográficos
Autor principal: Bonomo, Annamaria
Formato: eBook
Lenguaje:italiano
Publicado: Bari : Cacucci Editore, 2012
Materias:
Acceso en línea:http://www.vlex.com/source/7341

MARC

LEADER 00000nam a22000007a 4500
005 20130305175041.0
007 cr|||| ||||
008 130305e2012 it |||||s|||| 00||0 ita d
020 |a 9788866111344 
035 |a 7341 
040 |a vLex 
090 |c 3842  |d 3842 
100 1 0 |a Bonomo, Annamaria 
245 1 0 |a Informazione e pubbliche amministrazioni dall’accesso ai documenti alla disponibilit ̉delle informazioni  |c / Annamaria Bonomo   |h [Recurso electrn̤ico] 
256 |a Servicio en ln̕ea 
260 |a Bari :  |b Cacucci Editore,   |c 2012  
300 |a 1 Recurso electrn̤ico 
506 |d vLex Global  |d vLex Global (Academic Edition, excluding Law Schools)  |d vLex Global (U.S. Academic Edition, Law Schools)  |d vLex Global (U.S. Academic Edition, excluding Law Schools)  |d vLex Global (Academic Edition, Law Schools) 
650 0 4 |a Documentos pb︢licos  |z Italia 
650 0 4 |a Archivos   |z Italia 
740 |a vLex Libros (Servicio en ln̕ea) 
856 |a Acceso restringido  |u http://www.vlex.com/source/7341 
942 |c BOOK